000 00459nam a2200133 a 4500
001 000043648
005 20201002044910.0
008 140401s2004 dr 000 0 spa d
040 _aDO-SdBNP
_bspa
_cBNPHU
245 0 0 _aPrograma línea general del movimiento popular dominicano (MPD).
246 1 4 _aLínea general y base programática del movimiento popular dominicano
260 _a[Santo Domingo] :
_bMPD],
_c190?].
300 _a52 p. :
_bil., retrs. ;
_c21 cm.
999 _c43137
_d43137